[Event "AUS-ch"]
[Site "Melbourne"]
[Date "2016.01.11"]
[Round "10"]
[White "Gorka, Carl"]
[Black "Pyke, Malcolm"]
[Result "1/2-1/2"]
[WhiteElo "2149"]
[BlackElo "2034"]
[PlyCount "177"]
[EventDate "2016.01.02"]
[EventType "swiss"]
[EventRounds "11"]
[EventCountry "AUS"]
[SourceTitle "CBM 170 Extra"]
[Source "ChessBase"]
[SourceDate "2016.02.25"]
[SourceVersion "1"]
[SourceVersionDate "2016.02.25"]
[SourceQuality "1"]

1. e4 e6 2. f4 d5 3. e5 c5 4. Nf3 Nc6 5. c3 d4 6. Bd3 Nge7 7. Be4 Bd7 8. d3 Nf5 9. 0-0 h5 10. Na3 dxc3 11. bxc3 g6 12. Nc4 Qc7 13. Rb1 Be7 14. Qe2 Rb8 15. Bxf5 exf5 16. Nd6+ Kf8 17. d4 cxd4 18. cxd4 Be6 19. Qb5 a6 20. Qa4 Kg7 21. Bb2 Bd5 22. Rfe1 Bxd6 23. exd6 Qxd6 24. Ne5 Rhe8 25. Ba3 Qd8 26. Red1 f6 27. Nxc6 Bxc6 28. Qc4 Bd5 29. Qc5 Rc8 30. Qd6 Qxd6 31. Bxd6 Rc2 32. Re1 Rxg2+ 33. Kf1 Re4 34. Rbc1 Rxh2 35. Rc7+ Kg8 36. Rxe4 Bxe4 37. a3 Rc2 38. Re7 Rc8 39. Re6 g5 40. fxg5 fxg5 41. Rg6+ Kf7 42. Rxg5 Rh8 43. Be5 Rh7 44. Kg1 h4 45. Kh2 h3 46. Rg3 Bg2 47. Rc3 Ke6 48. Rc5 Rh4 49. Rc4 Re4 50. Rb4 b5 51. a4 f4 52. axb5 axb5 53. Rxb5 f3 54. Rb6+ Kd5 55. Rd6+ Kc4 56. Bg3 Re2 57. Kg1 Ra2 58. Re6 Kxd4 59. Re1 Rd2 60. Re7 Re2 61. Rd7+ Ke4 62. Re7+ Kf5 63. Rf7+ Kg6 64. Rf8 Ra2 65. Re8 Kf7 66. Re5 Ra4 67. Re3 Kf6 68. Re8 Rg4 69. Kh2 Kf7 70. Re5 Ra4 71. Kg1 Ra2 72. Re3 Ra8 73. Re5 Kf6 74. Re3 Ra5 75. Re8 Kf7 76. Re3 Rf5 77. Kf2 Rd5 78. Kg1 Rd2 79. Re5 Re2 80. Rf5+ Ke7 81. Rh5 Kf6 82. Rh8 Kg7 83. Rh5 Ra2 84. Re5 Ra1+ 85. Re1 f2+ 86. Bxf2 h2+ 87. Kxg2 Rxe1 88. Bxe1 h1Q+ 89. Kxh1 1/2-1/2

[Event "AUS-ch"]
[Site "Melbourne"]
[Date "2016.01.06"]
[Round "6"]
[White "Pyke, Malcolm"]
[Black "Brown, Andrew"]
[Result "1/2-1/2"]
[WhiteElo "2034"]
[BlackElo "2271"]
[PlyCount "102"]
[EventDate "2016.01.02"]
[EventType "swiss"]
[EventRounds "11"]
[EventCountry "AUS"]
[SourceTitle "CBM 170 Extra"]
[Source "ChessBase"]
[SourceDate "2016.02.25"]
[SourceVersion "1"]
[SourceVersionDate "2016.02.25"]
[SourceQuality "1"]

1. d4 Nf6 2. Nf3 g6 3. c4 Bg7 4. g3 0-0 5. Bg2 d6 6. 0-0 Nbd7 7. Nc3 e5 8. e4 a6 9. h3 b5 10. cxb5 axb5 11. Re1 c6 12. d5 cxd5 13. Nxd5 Bb7 14. Bg5 h6 15. Bxf6 Nxf6 16. Nxf6+ Bxf6 17. Nh2 Ra4 18. b3 Rd4 19. Qc2 Qa8 20. Rad1 Rc8 21. Qb1 b4 22. Ng4 Bg7 23. Ne3 Rxe4 24. Bxe4 Bxe4 25. Qb2 d5 26. Kh2 Rc3 27. Rc1 d4 28. Nc4 f5 29. a3 bxa3 30. Nxa3 Bd5 31. Nc4 Bxc4 32. bxc4 e4 33. c5 Qd5 34. Qb5 Qa2 35. Re2 Qxe2 36. Qxe2 Rxc1 37. Qa2+ Kh7 38. Qd5 Rc2 39. Kg1 e3 40. fxe3 dxe3 41. Qe6 Rxc5 42. Qxe3 Rc4 43. Qe6 Re4 44. Qd7 h5 45. Kg2 Re2+ 46. Kf3 Re4 47. Kg2 Re3 48. g4 fxg4 49. hxg4 h4 50. Kh1 Re2 51. Qd8 Re1+ 1/2-1/2

[Event "Victoria-ch"]
[Site "Melbourne"]
[Date "2014.06.20"]
[Round "11"]
[White "Stojic, Dusan"]
[Black "Pyke, Malcolm"]
[Result "1-0"]
[WhiteElo "2154"]
[BlackElo "2096"]
[PlyCount "127"]
[EventDate "2014.05.06"]
[EventType "tourn"]
[EventRounds "11"]
[EventCountry "AUS"]
[SourceTitle "EXT 2015"]
[Source "ChessBase"]
[SourceDate "2014.11.20"]
[SourceVersion "1"]
[SourceVersionDate "2014.11.20"]
[SourceQuality "1"]

1. Nf3 c5 2. c4 Nf6 3. g3 b6 4. Bg2 Bb7 5. 0-0 g6 6. Nc3 Bg7 7. d4 cxd4 8. Qxd4 d6 9. Rd1 Nbd7 10. Bd2 Rc8 11. Rac1 0-0 12. Qh4 Rc5 13. Nd5 Bxd5 14. cxd5 Rxd5 15. b4 h6 16. Qc4 b5 17. Qc2 a5 18. bxa5 Rc5 19. Qb1 Nd5 20. Qb3 Nc7 21. Bc3 Bxc3 22. Rxc3 d5 23. Nd4 e5 24. Nc6 Qf6 25. Bxd5 e4 26. Rxc5 Nxc5 27. Qe3 Na4 28. Qd4 Nxd5 29. Qxd5 Nc3 30. Qd6 Nxe2+ 31. Kf1 Qf3 32. Ne5 Qh5 33. g4 Qxh2 34. Kxe2 e3 35. Kxe3 Re8 36. Rd5 Re6 37. Qc7 Qh3+ 38. Kd4 Rf6 39. f3 Qh2 40. Qc1 Qf2+ 41. Ke4 g5 42. Qe3 Rf4+ 43. Kd3 Qf1+ 44. Qe2 Qb1+ 45. Ke3 Qc1+ 46. Qd2 Qg1+ 47. Ke2 Qg2+ 48. Kd1 Qg1+ 49. Ke2 Qg2+ 50. Ke3 Qg1+ 51. Qf2 Qc1+ 52. Ke2 Rb4 53. Nd3 Qc4 54. Qc5 Qxa2+ 55. Ke3 Rf4 56. Rd8+ Kh7 57. Nxf4 gxf4+ 58. Kxf4 Qh2+ 59. Kf5 Qh4 60. Qd4 Qg5+ 61. Ke4 Qe7+ 62. Kf4 Qc7+ 63. Kf5 Qc2+ 64. Qe4 1-0

[Event "Victoria-ch"]
[Site "Melbourne"]
[Date "2014.05.15"]
[Round "3"]
[White "Pyke, Malcolm"]
[Black "Hacche, David"]
[Result "0-1"]
[WhiteElo "2096"]
[BlackElo "2023"]
[PlyCount "108"]
[EventDate "2014.05.06"]
[EventType "tourn"]
[EventRounds "11"]
[EventCountry "AUS"]
[SourceTitle "EXT 2015"]
[Source "ChessBase"]
[SourceDate "2014.11.20"]
[SourceVersion "1"]
[SourceVersionDate "2014.11.20"]
[SourceQuality "1"]

1. c4 Nf6 2. Nf3 e6 3. Nc3 Bb4 4. Qc2 c5 5. g4 Nc6 6. g5 Ng8 7. Rg1 Nge7 8. e3 d5 9. a3 Ba5 10. Bd3 d4 11. Ne4 dxe3 12. fxe3 Bc7 13. Nxc5 Ne5 14. Nxe5 Bxe5 15. h4 Nc6 16. Be4 Qd6 17. Bxc6+ Qxc6 18. d4 Bc7 19. b4 b6 20. Qe4 Qxe4 21. Nxe4 Bb7 22. Nd2 Bh2 23. Rg4 0-0-0 24. Bb2 Rhg8 25. Nf1 Bc7 26. e4 f5 27. gxf6 gxf6 28. Rxg8 Rxg8 29. d5 Rg4 30. Nd2 exd5 31. cxd5 Bg3+ 32. Ke2 Bxh4 33. Kf3 h5 34. Rc1+ Kd7 35. Nc4 Bg5 36. Rc2 Rf4+ 37. Ke3 Bxd5 38. Nxb6+ axb6 39. exd5 Rxb4+ 40. Kd3 Rb5 41. Ke4 h4 42. Bd4 Rb3 43. a4 h3 44. Rf2 Ke7 45. Kf5 Kd6 46. Ke4 Rb4 47. Kd3 Kxd5 48. Bxf6 Bxf6 49. Rxf6 Rh4 50. Rf1 h2 51. Rh1 Kc5 52. Ke3 Kb4 53. Kf3 Kxa4 54. Kg2 Kb3 0-1

[Event "Begonia op 48th"]
[Site "Ballarat"]
[Date "2014.03.08"]
[Round "5"]
[White "Pyke, Malcolm"]
[Black "Davis, Tony J"]
[Result "1/2-1/2"]
[WhiteElo "2117"]
[BlackElo "1849"]
[PlyCount "87"]
[EventDate "2014.03.08"]
[EventType "swiss"]
[EventRounds "7"]
[EventCountry "AUS"]
[SourceTitle "EXT 2023"]
[Source "ChessBase"]
[SourceDate "2022.10.05"]
[SourceVersion "1"]
[SourceVersionDate "2022.10.05"]
[SourceQuality "1"]

1. c4 Nc6 2. Nc3 e5 3. g3 g6 4. Bg2 Bg7 5. e3 d6 6. Nge2 h5 7. h4 Be6 8. d3 Rb8 9. Nd5 Qd7 10. Qa4 Nh6 11. Nec3 a6 12. a3 f5 13. f4 0-0 14. 0-0 Rf7 15. Bd2 Ng4 16. Rab1 Kh7 17. Ne2 Nd4 18. Qd1 Nxe2+ 19. Qxe2 Qd8 20. Bf3 c6 21. Bxg4 hxg4 22. Nc3 Rd7 23. e4 Qg8 24. h5 gxh5 25. exf5 Bf7 26. Ne4 Re8 27. f6 Bh6 28. f5 d5 29. cxd5 cxd5 30. Nc5 Rd6 31. Bxh6 Kxh6 32. Ne6 Bxe6 33. Qxe5 Red8 34. fxe6 Rxe6 35. Qc7 Rf8 36. f7 Qg5 37. Rbe1 Rxe1 38. Rxe1 Qf6 39. Rf1 Qd4+ 40. Rf2 Kg7 41. Qxb7 h4 42. Qe7 hxg3 43. Qg5+ Kh7 44. Qh5+ 1/2-1/2

[Event "AUS-ch"]
[Site "Melbourne"]
[Date "2014.01.02"]
[Round "1"]
[White "Solomon, Stephen J"]
[Black "Pyke, Malcolm"]
[Result "1-0"]
[WhiteElo "2371"]
[BlackElo "2123"]
[PlyCount "73"]
[EventDate "2014.01.02"]
[EventType "swiss"]
[EventRounds "11"]
[EventCountry "AUS"]
[SourceTitle "CBM 158 Extra"]
[Source "ChessBase"]
[SourceDate "2014.02.28"]
[SourceVersion "1"]
[SourceVersionDate "2014.02.28"]
[SourceQuality "1"]

1. d4 Nf6 2. c4 e6 3. Nc3 c5 4. d5 exd5 5. cxd5 d6 6. Nf3 g6 7. h3 a6 8. a4 Qe7 9. Bf4 Nbd7 10. e3 Bg7 11. Be2 0-0 12. 0-0 Ne8 13. Nd2 Ne5 14. Bh2 g5 15. f4 Ng6 16. f5 Qxe3+ 17. Kh1 Nf4 18. Nc4 Qd4 19. Qc2 Bh6 20. Rad1 Qg7 21. Bg4 Nf6 22. Nxd6 Rd8 23. Nde4 Nxg4 24. hxg4 c4 25. Bg1 Nd3 26. Rxd3 cxd3 27. Qxd3 Qe5 28. Bd4 Qc7 29. Nf6+ Kf8 30. Qh3 Bg7 31. Qxh7 Bxf5 32. Rxf5 Qc4 33. Qg8+ Ke7 34. Re5+ Kd6 35. Nce4+ Kc7 36. Re7+ Rd7 37. Rxd7# 1-0

[Event "Melbourne Malitis Memorial"]
[Site "Melbourne"]
[Date "2013.08.12"]
[Round "5"]
[White "Pyke, Malcolm"]
[Black "Penrose, Justin"]
[Result "1/2-1/2"]
[WhiteElo "2128"]
[BlackElo "1991"]
[PlyCount "97"]
[EventDate "2013.07.15"]
[EventType "swiss"]
[EventRounds "7"]
[EventCountry "AUS"]
[SourceTitle "EXT 2019"]
[Source "ChessBase"]
[SourceDate "2018.10.10"]
[SourceVersion "1"]
[SourceVersionDate "2018.10.10"]
[SourceQuality "1"]

1. d4 Nf6 2. Nf3 d5 3. c4 c6 4. Nc3 e6 5. e3 Bd6 6. Bd3 Nbd7 7. 0-0 0-0 8. e4 dxe4 9. Nxe4 Nxe4 10. Bxe4 Nf6 11. Bc2 h6 12. Qe2 b6 13. Rd1 Qc7 14. Ne5 Bb7 15. Bf4 c5 16. dxc5 Bxc5 17. Bg3 Qe7 18. Bh4 g5 19. Bg3 Rfd8 20. h4 Rxd1+ 21. Rxd1 Rd8 22. hxg5 Rxd1+ 23. Qxd1 hxg5 24. a3 a5 25. Qd2 Ne4 26. Bxe4 Bxe4 27. Nd7 Qd8 28. Be5 Be7 29. Qd4 Bc6 30. Nxb6 f6 31. Qxd8+ Bxd8 32. Bd4 e5 33. Be3 Bxb6 34. Bxb6 a4 35. f3 Kf7 36. Kf2 e4 37. Ke3 exf3 38. gxf3 Ke6 39. Bd8 Bb7 40. Kf2 Kf5 41. Kg3 Bc6 42. Bc7 Bb7 43. f4 gxf4+ 44. Bxf4 Ke4 45. c5 Kd3 46. Bh6 Kc2 47. Bg7 Kxb2 48. Bxf6+ Kxa3 49. Kf2 1/2-1/2

[Event "Melbourne Malitis Memorial"]
[Site "Melbourne"]
[Date "2013.07.22"]
[Round "2"]
[White "McCart, Richard"]
[Black "Pyke, Malcolm"]
[Result "0-1"]
[WhiteElo "1841"]
[BlackElo "2128"]
[PlyCount "64"]
[EventDate "2013.07.15"]
[EventType "swiss"]
[EventRounds "7"]
[EventCountry "AUS"]
[SourceTitle "EXT 2019"]
[Source "ChessBase"]
[SourceDate "2018.10.10"]
[SourceVersion "1"]
[SourceVersionDate "2018.10.10"]
[SourceQuality "1"]

1. d4 Nf6 2. c4 c5 3. d5 e6 4. Nc3 exd5 5. cxd5 d6 6. e4 g6 7. Nf3 a6 8. Be2 b5 9. Qc2 Bg7 10. 0-0 0-0 11. Re1 Re8 12. Bg5 Bg4 13. Nd2 Bxe2 14. Rxe2 Nbd7 15. Rae1 Rc8 16. Nd1 c4 17. a3 Ne5 18. Nc3 Nd3 19. Rf1 h6 20. Bh4 g5 21. Bg3 Nh5 22. Nf3 Qb6 23. Nd1 Nf6 24. Nc3 Nd7 25. h4 g4 26. Nd2 Nf6 27. Kh2 Nh5 28. Nd1 f5 29. f3 f4 30. Be1 g3+ 31. Kh1 Qd8 32. Nf2 Nxf2+ 0-1

[Event "Begonia op 47th"]
[Site "Ballarat"]
[Date "2013.03.09"]
[Round "3"]
[White "Pyke, Malcolm"]
[Black "Solomon, Stephen J"]
[Result "0-1"]
[WhiteElo "2111"]
[BlackElo "2390"]
[PlyCount "56"]
[EventDate "2013.03.09"]
[EventType "swiss"]
[EventRounds "7"]
[EventCountry "AUS"]
[SourceTitle "CBM 153 Extra"]
[Source "ChessBase"]
[SourceDate "2013.04.22"]
[SourceVersion "1"]
[SourceVersionDate "2013.04.22"]
[SourceQuality "1"]

1. d4 d5 2. Nf3 Nf6 3. c4 e6 4. g3 dxc4 5. Bg2 Nc6 6. 0-0 Rb8 7. Bg5 Be7 8. a4 a6 9. Nc3 0-0 10. e3 b5 11. axb5 axb5 12. Ne5 Nxe5 13. dxe5 Nd7 14. Bxe7 Qxe7 15. f4 Nc5 16. Qe2 Bb7 17. e4 Nd3 18. Kh1 Qc5 19. Rad1 Rfd8 20. Rd2 Bc6 21. Bf3 b4 22. Nd1 Bb5 23. Qg2 c3 24. bxc3 bxc3 25. Rc2 Nb4 26. Rxc3 Bxf1 27. Rxc5 Bxg2+ 28. Kxg2 Nd3 0-1

[Event "Melbourne CC op"]
[Site "Melbourne"]
[Date "2012.10.15"]
[Round "6"]
[White "Beckman, John"]
[Black "Pyke, Malcolm"]
[Result "0-1"]
[WhiteElo "1680"]
[BlackElo "2115"]
[PlyCount "66"]
[EventDate "2012.09.10"]
[EventType "swiss"]
[EventRounds "9"]
[EventCountry "AUS"]
[SourceTitle "EXT 2013"]
[Source "ChessBase"]
[SourceDate "2012.11.22"]
[SourceVersion "1"]
[SourceVersionDate "2012.11.22"]
[SourceQuality "1"]

1. e4 e6 2. d4 d5 3. Nc3 Nf6 4. Bd3 c5 5. e5 Nfd7 6. Bb5 Nc6 7. Bxc6 bxc6 8. Nf3 Ba6 9. Ne2 Qa5+ 10. Qd2 Qxd2+ 11. Bxd2 h6 12. Bc3 g5 13. h3 cxd4 14. Nexd4 c5 15. Nb3 Rc8 16. 0-0-0 Bg7 17. Rhe1 0-0 18. Nbd2 Nb6 19. b3 Bb7 20. Bb2 Rfd8 21. a4 c4 22. a5 cxb3 23. Nxb3 Nc4 24. Ba1 Na3 25. Rd2 Bf8 26. c3 Ba6 27. Ra2 Bc4 28. Nfd4 Bxb3 29. Nxb3 d4 30. Bb2 Nb5 31. Kc2 Bb4 32. Re4 Bxc3 33. Bxc3 Nxc3 0-1

[Event "Melbourne op"]
[Site "Melbourne"]
[Date "2012.06.18"]
[Round "7"]
[White "Gorka, Carl"]
[Black "Pyke, Malcolm"]
[Result "1/2-1/2"]
[WhiteElo "2149"]
[BlackElo "2138"]
[PlyCount "29"]
[EventDate "2012.04.30"]
[EventType "swiss"]
[EventRounds "9"]
[EventCountry "AUS"]
[SourceTitle "EXT 2019"]
[Source "ChessBase"]
[SourceDate "2018.10.10"]
[SourceVersion "1"]
[SourceVersionDate "2018.10.10"]
[SourceQuality "1"]

1. e4 e6 2. d4 d5 3. Nc3 Nf6 4. Bg5 Bb4 5. e5 h6 6. Bd2 Bxc3 7. bxc3 Ne4 8. Qg4 Kf8 9. Bd3 Nxd2 10. Kxd2 c5 11. h4 Nc6 12. Qf4 Bd7 13. Rh3 Rc8 14. Ne2 Qc7 15. Rf3 1/2-1/2

[Event "Melbourne op"]
[Site "Melbourne"]
[Date "2012.05.21"]
[Round "4"]
[White "Penrose, Justin"]
[Black "Pyke, Malcolm"]
[Result "1-0"]
[WhiteElo "2040"]
[BlackElo "2138"]
[PlyCount "120"]
[EventDate "2012.04.30"]
[EventType "swiss"]
[EventRounds "9"]
[EventCountry "AUS"]
[SourceTitle "EXT 2019"]
[Source "ChessBase"]
[SourceDate "2018.10.10"]
[SourceVersion "1"]
[SourceVersionDate "2018.10.10"]
[SourceQuality "1"]

1. e4 g6 2. d4 Bg7 3. Nf3 d6 4. Nc3 Bg4 5. Be3 Nf6 6. h3 Bxf3 7. Qxf3 Nc6 8. Bb5 Nd7 9. Rd1 e5 10. dxe5 Ncxe5 11. Qg3 a6 12. Be2 0-0 13. a4 Re8 14. 0-0 Nc6 15. f3 Nb4 16. Rd2 Qe7 17. Bc4 Be5 18. Qf2 Nf6 19. Ne2 Nc6 20. c3 Nd7 21. Bb3 Nc5 22. Bc2 a5 23. Rfd1 b6 24. Nd4 Qd7 25. Nb5 Bg7 26. Bxc5 bxc5 27. Qxc5 Rac8 28. Bb3 Bh6 29. Re2 Re5 30. Qf2 Rce8 31. Na3 Qe7 32. Bd5 Nd8 33. Nc4 Rh5 34. Nxa5 Ne6 35. Nc6 Qf6 36. Bxe6 fxe6 37. e5 dxe5 38. Rd7 Bf4 39. Re4 Qg5 40. Kh1 Bg3 41. Qd2 Bf4 42. Rxf4 Qxf4 43. Qxf4 exf4 44. Rxc7 e5 45. Kg1 e4 46. fxe4 Rxe4 47. Nd4 f3 48. gxf3 Reh4 49. Kf2 Rxh3 50. b4 Rh2+ 51. Ke3 Ra2 52. b5 Rb2 53. a5 Re5+ 54. Kf4 Re8 55. b6 Rb8 56. Rc6 Kf7 57. c4 Ra2 58. Rc7+ Kf6 59. Rc6+ Ke7 60. Re6+ Kd7 1-0

[Event "Melbourne op"]
[Site "Melbourne"]
[Date "2012.05.14"]
[Round "3"]
[White "Pyke, Malcolm"]
[Black "McCart, Roger"]
[Result "1-0"]
[WhiteElo "2138"]
[BlackElo "1700"]
[PlyCount "93"]
[EventDate "2012.04.30"]
[EventType "swiss"]
[EventRounds "9"]
[EventCountry "AUS"]
[SourceTitle "EXT 2019"]
[Source "ChessBase"]
[SourceDate "2018.10.10"]
[SourceVersion "1"]
[SourceVersionDate "2018.10.10"]
[SourceQuality "1"]

1. Nf3 Nf6 2. c4 g6 3. b3 Bg7 4. Bb2 0-0 5. g3 d6 6. Bg2 Bg4 7. 0-0 Qc8 8. Re1 e5 9. d3 c6 10. c5 Bxf3 11. Bxf3 dxc5 12. Bxe5 Re8 13. Bb2 Nbd7 14. Nd2 Ne5 15. Bg2 Qe6 16. Qc2 b6 17. Rac1 Nd5 18. a3 Rad8 19. Nc4 Nxc4 20. bxc4 Bxb2 21. Qxb2 Ne7 22. a4 Qd6 23. a5 Rb8 24. axb6 axb6 25. Qc3 Nf5 26. e3 Re7 27. Re2 h5 28. Rb2 h4 29. g4 Nxe3 30. fxe3 Rxe3 31. Rf2 Rxd3 32. Qf6 Rd1+ 33. Rxd1 Qxd1+ 34. Rf1 Qd4+ 35. Qxd4 cxd4 36. Bxc6 Kg7 37. g5 Rc8 38. Bd5 Rc7 39. Rb1 d3 40. Kf2 Re7 41. Re1 d2 42. Rd1 Re5 43. Rxd2 Rxg5 44. Rb2 h3 45. Rxb6 f6 46. Rb7+ Kf8 47. Rf7+ 1-0

[Event "Melbourne op"]
[Site "Melbourne"]
[Date "2012.04.30"]
[Round "1"]
[White "Pyke, Malcolm"]
[Black "Fry, Peter"]
[Result "1-0"]
[WhiteElo "2138"]
[BlackElo "1859"]
[PlyCount "71"]
[EventDate "2012.04.30"]
[EventType "swiss"]
[EventRounds "9"]
[EventCountry "AUS"]
[SourceTitle "EXT 2019"]
[Source "ChessBase"]
[SourceDate "2018.10.10"]
[SourceVersion "1"]
[SourceVersionDate "2018.10.10"]
[SourceQuality "1"]

1. c4 c6 2. d4 d5 3. Nf3 dxc4 4. e3 Bg4 5. Bxc4 e6 6. 0-0 Nf6 7. Nc3 Nbd7 8. e4 Be7 9. Bg5 0-0 10. e5 Nd5 11. Bxe7 Qxe7 12. Ne4 Rad8 13. Nd6 N7b6 14. Bd3 Rd7 15. Re1 Nc8 16. Ne4 Nf4 17. Bc2 Rfd8 18. Qc1 Nh3+ 19. gxh3 Bxf3 20. Ng5 Bh5 21. Bxh7+ Kh8 22. Qf4 Rxd4 23. Be4 Nb6 24. Qh4 g6 25. f4 Rd2 26. Rac1 Kg7 27. b3 Qb4 28. Bf3 Qd4+ 29. Kh1 Bxf3+ 30. Nxf3 Qf2 31. Qg4 Rxa2 32. Rf1 Qe3 33. Qh4 Rh8 34. Qf6+ Kg8 35. Ng5 Rh7 36. Qd8+ 1-0

[Event "AUS-ch"]
[Site "Sydney"]
[Date "2010.01.06"]
[Round "4"]
[White "Feldman, Vladimir"]
[Black "Pyke, Malcolm"]
[Result "1/2-1/2"]
[WhiteElo "2271"]
[BlackElo "2164"]
[PlyCount "54"]
[EventDate "2010.01.02"]
[EventType "swiss"]
[EventRounds "11"]
[EventCountry "AUS"]
[SourceTitle "CBM 134 Extra"]
[Source "ChessBase"]
[SourceDate "2010.03.03"]
[SourceVersion "1"]
[SourceVersionDate "2010.03.03"]
[SourceQuality "1"]

1. d4 Nf6 2. Nf3 c5 3. e3 e6 4. Bd3 d5 5. c3 Nc6 6. Nbd2 Qc7 7. 0-0 Bd7 8. Qe2 0-0-0 9. dxc5 Bxc5 10. b4 Bd6 11. b5 Ne5 12. Nxe5 Bxe5 13. Nf3 Bd6 14. Ng5 Rdf8 15. f4 h6 16. Nf3 g5 17. c4 Bc5 18. Kh1 Ne4 19. Bb2 f6 20. Rac1 b6 21. cxd5 exd5 22. Nd4 Kb8 23. a4 Qd6 24. Nb3 Re8 25. Nxc5 Nxc5 26. Ba3 gxf4 27. Rxf4 Qxf4 1/2-1/2

[Event "AUS-ch"]
[Site "Sydney"]
[Date "2010.01.02"]
[Round "1"]
[White "Pyke, Malcolm"]
[Black "Lane, Gary William"]
[Result "0-1"]
[WhiteElo "2164"]
[BlackElo "2377"]
[PlyCount "68"]
[EventDate "2010.01.02"]
[EventType "swiss"]
[EventRounds "11"]
[EventCountry "AUS"]
[SourceTitle "CBM 134 Extra"]
[Source "ChessBase"]
[SourceDate "2010.03.03"]
[SourceVersion "1"]
[SourceVersionDate "2010.03.03"]
[SourceQuality "1"]

1. d4 d5 2. Nf3 Nf6 3. c4 c6 4. Nc3 e6 5. e3 Nbd7 6. Bd3 Bd6 7. 0-0 dxc4 8. Bxc4 b5 9. Bd3 0-0 10. a4 b4 11. Ne4 Nxe4 12. Bxe4 Bb7 13. a5 Rc8 14. Qe2 Qe7 15. a6 Ba8 16. Ra5 f5 17. Bd3 Nf6 18. Bd2 c5 19. Rfa1 Ne4 20. Be1 Bd5 21. dxc5 Nxc5 22. Nd4 Bc7 23. Bxb4 Bxa5 24. Bxa5 Nxd3 25. Qxd3 Qg5 26. f3 e5 27. h4 Qf6 28. Nc2 Bc4 29. Qd2 Qxh4 30. Ra4 Qf6 31. Bc3 Rfd8 32. Qc1 Bb3 33. Ra3 Qb6 34. Kf2 f4 0-1